Vista normal Vista MARC

Entrada Topical Term

Número de registros utilizados en: 2

001 - CONTROL NUMBER

  • control field: 23952

003 - CONTROL NUMBER IDENTIFIER

  • control field: OSt

005 - DATE AND TIME OF LATEST TRANSACTION

  • control field: 20210310223259.0

008 - FIXED-LENGTH DATA ELEMENTS

  • fixed length control field: 210310|| aca||aabn | a|a d

040 ## - CATALOGING SOURCE

  • Original cataloging agency: OSt
  • Transcribing agency: OSt

150 ## - HEADING--TOPICAL TERM

  • Topical term or geographic name entry element: Programas sociales.-- Política social..-- Pobreza..-- Grupos vulnerables.-- Pobreza absoluta.-- Sistemas de información

670 ## - SOURCE DATA FOUND

  • Source citation: Work cat.: (OSt): Zapata G. Juan Gonzalo 23951, El diseño, el monitoreo y la evaluacion del sistema de informacion y su papel en la politica social de atencion a los mas pobres , 2007